Χώρος διασποράς : ποιήματα
Αποθηκεύτηκε σε:
| Κύριος συγγραφέας: | |
|---|---|
| Μορφή: | Βιβλίο |
| Γλώσσα: | Greek |
| Δημοσίευση: |
Λευκωσία :
Αιγαίον,
1988
|
| Έκδοση: | 2η εκδ. |
| Θέματα: | |
| Ετικέτες: |
Προσθήκη ετικέτας
Δεν υπάρχουν, Καταχωρήστε ετικέτα πρώτοι!
|
MARC
| LEADER | 00000nam a2200000 i 4500 | ||
|---|---|---|---|
| 001 | 1/85016 | ||
| 008 | 970320s1988 gre d | ||
| 035 | |a 1993 |b 1 |c Δωρεά |l 10034590 | ||
| 040 | |a GR-MY-UA |b gre |e aacr | ||
| 041 | 0 | |a gre | |
| 082 | 0 | |a 889.14 | |
| 100 | 1 | |a Παστελλάς, Ανδρέας. | |
| 245 | 1 | 0 | |a Χώρος διασποράς : |b ποιήματα / |c Ανδρέα Παστελλά |
| 250 | |a 2η εκδ. | ||
| 260 | |a Λευκωσία : |b Αιγαίον, |c 1988 | ||
| 300 | |a 57 σ. | ||
| 650 | 0 | 0 | |a Cyprian poetry |x Collections. |
| 852 | |a INST |b RHODES |e 19970320 |h 889.14 ΠΑΣ |p 005400000401 |q 005400000401 |t BK |y 0 | ||
| 909 | |a Ρ |b 024542 |c 1993 | ||
| 970 | |z 2000/07/ΚΑΤΕΡΙΝΑ | ||